India's rebirth : (Record no. 122932)

MARC details
000 -LEADER
fixed length control field 00751nam a22002417a 4500
005 - DATE AND TIME OF LATEST TRANSACTION
control field 20170124105917.0
010 ## - LIBRARY OF CONGRESS CONTROL NUMBER
LC control number A-706851
020 ## - INTERNATIONAL STANDARD BOOK NUMBER
Terms of availability 90.00
International Standard Book Number 2902776322
035 ## - SYSTEM CONTROL NUMBER
System control number A-706851
037 ## - SOURCE OF ACQUISITION
Source of stock number/acquisition Cen Lib/Ret
040 ## - CATALOGING SOURCE
Original cataloging agency DPL
Language of cataloging EN
082 ## - DEWEY DECIMAL CLASSIFICATION NUMBER
Classification number 181.499
Item number AUR
100 ## - MAIN ENTRY--PERSONAL NAME
Personal name Aurbindo, Sri
9 (RLIN) 3136
245 ## - TITLE STATEMENT
Title India's rebirth :
Statement of responsibility, etc by Sri Aurbindo
Remainder of title a selection from sri aurbindo's writings, talks and speeches /
246 ## - VARYING FORM OF TITLE
Remainder of title
260 ## - PUBLICATION, DISTRIBUTION, ETC. (IMPRINT)
Name of publisher, distributor, etc Institute De Recherches Evolutives
Date of publication, distribution, etc 00??
Place of publication, distribution, etc Paris
270 ## - ADDRESS
City Paris
300 ## - PHYSICAL DESCRIPTION
Extent 263p.
Dimensions 19cm(pbk)
500 ## - GENERAL NOTE
General note Includes bibliographical references and index
650 ## - SUBJECT ADDED ENTRY--TOPICAL TERM
Topical term or geographic name as entry element Philosophy
9 (RLIN) 106897
650 ## - SUBJECT ADDED ENTRY--TOPICAL TERM
Topical term or geographic name as entry element Historical Perspectives
General subdivision
9 (RLIN) 3138
942 ## - ADDED ENTRY ELEMENTS (KOHA)
Source of classification or shelving scheme Dewey Decimal Classification
Koha item type English Books
Classification part 181.499
Call number suffix AUR
Holdings
Withdrawn status Lost status Damaged status Not for loan Collection code Home library Current library Date acquired Source of acquisition Cost, normal purchase price Total Checkouts Full call number Barcode Date last seen Copy number Cost, replacement price Price effective from Koha item type
      Not For Loan Reference Central Library Central Library 30/05/2015 Cen Lib/Ret 90.00   181.499 AUR A-706851 30/05/2015 1 90.00 30/05/2015 English Books

© Delhi Public Library
Hit Counter
free hit counter